Catalog

Record Details

Catalog Search



Available copies

  • 2 of 2 copies available at LARL/NWRL Consortium.
  • 2 of 2 copies available at Lake Agassiz Regional Library. (Show preferred library)

Current holds

0 current holds with 2 total copies.

Show All Copies
Location Call Number / Copy Notes Barcode Shelving Location Status Due Date
Mahnomen Public Library LARGE PRINT M ELL (Text) 33500014348643 New Available -
McIntosh Public Library LARGE PRINT M ELL (Text) 33500014348650 New Available -

Record details

  • ISBN: 9781420531381
  • ISBN: 1420531387
  • Physical Description: 415 pages (large print) ; 23 cm.
  • Publisher: [Waterville, Maine] : Thorndike Press, a part of Gale, a Cengage Company, 2026.

Content descriptions

Summary, etc.:
"With Halloween around the corner, Shay Myers is ... Read More
Source of Description Note:
Description based on publisher data.
Subject: Psychics > Fiction.
Tearooms > Fiction.
Murder > Investigation > Fiction.
German shepherd dog > Fiction.
Dogs > Fiction.
Halloween > Fiction.
California > Fiction.
FICTION / Mystery & Detective / Amateur Sleuth.
Genre: Cozy mysteries.
Detective and mystery fiction.
Large print books.
LDR 03080cam a2200637 i 4500
001482899
003LARL_NWRL_CONSORTIUM
00520260318134747.0
008251021t20262025meu ed 000 1 eng d
040 . ‡aIG# ‡beng ‡erda ‡cIG# ‡dZAC ‡dBDX ‡dOCLCO ‡dIMT ‡dTOH
020 . ‡a9781420531381 ‡q(large print ; ‡qhardcover alk. paper)
020 . ‡a1420531387 ‡q(large print ; ‡qhardcover alk. paper)
035 . ‡a(OCoLC)1547762142
043 . ‡an-us-ca
08204. ‡a813/.6 ‡223
1001 . ‡aElliott, Lauren, ‡eauthor. ‡1https://id.oclc.org/worldcat/entity/E39PBJdgVcvffCHDfTh7gR9JjC
24512. ‡aA spirited blend / ‡cLauren Elliott.
264 1. ‡a[Waterville, Maine] : ‡bThorndike Press, a part of Gale, a Cengage Company, ‡c2026.
264 4. ‡c©2025
300 . ‡a415 pages (large print) ; ‡c23 cm.
336 . ‡atext ‡btxt ‡2rdacontent
337 . ‡aunmediated ‡bn ‡2rdamedia
338 . ‡avolume ‡bnc ‡2rdacarrier
340 . ‡nlarge print (16 point) ‡2rdafs
4900 . ‡aCrystals & CuriosiTEAS ; ‡v3
520 . ‡a"With Halloween around the corner, Shay Myers is brewing seasonal sips at Crystals and CuriosiTEAS. Her premonitions have missed the mark since she settled into Bray Harbor, opening the door to questions about whether she's really the gifted seer her late mother imagined. It's why she second guesses the vision in her tea leaves about a local. But when bad omens come true, Shay doesn't have time for self-doubt. A woman's body has been discovered, and as an investigation stirs up a connection to a mystic shop, Shay finds herself chasing down a criminal who might finally be her match!"-- ‡cPage 4 of cover.
588 . ‡aDescription based on publisher data. ‡5TnLvILS
650 0. ‡aPsychics ‡vFiction. ‡0(LARL_NWRL_CONSORTIUM)166804
650 0. ‡aTearooms ‡vFiction. ‡0(LARL_NWRL_CONSORTIUM)175433
650 0. ‡aMurder ‡xInvestigation ‡vFiction. ‡0(LARL_NWRL_CONSORTIUM)166203
650 0. ‡aGerman shepherd dog ‡vFiction.
650 0. ‡aDogs ‡vFiction. ‡0(LARL_NWRL_CONSORTIUM)164539
650 0. ‡aHalloween ‡vFiction. ‡0(LARL_NWRL_CONSORTIUM)165596
651 0. ‡aCalifornia ‡vFiction. ‡0(LARL_NWRL_CONSORTIUM)164052
650 7. ‡aFICTION / Mystery & Detective / Amateur Sleuth. ‡2bisacsh
655 7. ‡aCozy mysteries. ‡2lcgft
655 7. ‡aDetective and mystery fiction. ‡2lcgft
655 7. ‡aLarge print books. ‡2lcgft
901 . ‡a482899 ‡bAUTOGEN ‡c482899 ‡tbiblio

Additional Resources